000 00437nam a2200181Ia 4500
001 23715
005 20260414150955.0
008 260414t1997||||xx |||||||||||||| ||spa||
041 _aESP
082 _a693.85
_bK37
100 _aKelly, James M.
_eAUT
245 0 _aEarthquake-resistant design with rubber
_b
260 _c1997
300 _axi, 243 páginas :
_c23 cm.
650 _a0
654 _aCIC
942 _cLIB
_dJUS
_fJUS
_2ddc
_n
999 _c23715
_d23715